Normal view
MARC view
- Hughes,Doug
Entry Personal Name
001 - CONTROL NUMBER
- control field: 310
003 - CONTROL NUMBER IDENTIFIER
- control field: NUST
005 - DATE AND TIME OF LATEST TRANSACTION
- control field: 20170510162647.0
008 - FIXED-LENGTH DATA ELEMENTS
- fixed length control field: 170510|| aca||aabn | a|a d
040 ## - CATALOGING SOURCE
- Original cataloging agency: NUST
- Transcribing agency: NUST
100 ## - HEADING--PERSONAL NAME
- Personal name: Hughes,Doug
670 ## - SOURCE DATA FOUND
- Source citation: Work cat.: (NUST)23589: Hughes,Doug, Henrik Ibsen's Hedda Gabbler, c 2001
